000 00542nam a2200193Ia 4500
003 IN-BaIIA
008 211028s9999 xx 000 0 eng d
020 _a136780-8
040 _cIIA Library
080 _a524.8
_bLOV
100 _aLovell, Bernard
_92935
245 0 _aIn the centre of immensities
_cBernard Lovell
260 _aLondon
_bHutchinson
_c1978
300 _a174p.
650 _aAstronomy and astrophysics thesaurus
650 _aCosmology
650 _aUniverse
_91987
942 _cBK
999 _c6380
_d6380